Diseases of poultry
সংরক্ষণ করুন:
| বিন্যাস: | গ্রন্থ |
|---|---|
| ভাষা: | Undetermined |
| প্রকাশিত: |
Iowa State Press
2003
|
| বিষয়গুলি: | |
| ট্যাগগুলো: |
ট্যাগ যুক্ত করুন
কোনো ট্যাগ নেই, প্রথমজন হিসাবে ট্যাগ করুন!
|
| Thư viện lưu trữ: | Trung tâm Học liệu Trường Đại học Cần Thơ |
|---|
| LEADER | 00503nam a2200181Ia 4500 | ||
|---|---|---|---|
| 001 | CTU_102653 | ||
| 008 | 210402s9999 xx 000 0 und d | ||
| 020 | |c 165.48 | ||
| 082 | |a 636.5 | ||
| 082 | |b D611 | ||
| 245 | 0 | |a Diseases of poultry | |
| 245 | 0 | |c Editor-in-chief, Y.M. Saif ; associate editors, H.J. Barnes ... [et al.]. | |
| 260 | |b Iowa State Press | ||
| 260 | |c 2003 | ||
| 650 | |a Poultry | ||
| 650 | |x Diseases | ||
| 904 | |i M.Loan | ||
| 980 | |a Trung tâm Học liệu Trường Đại học Cần Thơ | ||